Consorcio Túneles del Tibidabo : memoria 1972 memoria 1972
Descripción Física:
[10] f. : fot. col. ; 30 cm
MARC
| LEADER | 00000nam a2200000Ia 4500 | ||
|---|---|---|---|
| 001 | 20014 | ||
| 008 | 160829s1972 xx 000 0 cat d | ||
| 080 | |a FU-11-33 | ||
| 110 | 2 | |a Consorcio Túneles del Tibidabo |9 56185 | |
| 245 | |a Consorcio Túneles del Tibidabo : |b memoria 1972 | ||
| 260 | |a [Barcelona : |b s. n.], |c 1972 | ||
| 300 | |a [10] f. : |b fot. col. ; |c 30 cm | ||
| 650 | |a Túnels |x Barcelona (Província) |9 44271 | ||
| 650 | |a Consorcio Túneles del Tibidabo |x Memòries |9 44272 | ||
| 901 | |a Arxiu | ||
| 942 | |n 1 | ||
| 952 | |0 0 |1 0 |4 0 |6 FU1133 |7 1 |9 51869 |a Arxiu |b Arxiu |d 2016-12-01 |l 0 |o FU-11-33 |p 20014 |r 2016-12-01 00:00:00 |w 2016-12-01 |y ARXIU | ||
| 999 | |c 55715 |d 55715 | ||